<?xml version="1.0" encoding="UTF-8"?>
<record
    xmlns:xsi="http://www.w3.org/2001/XMLSchema-instance"
    xsi:schemaLocation="http://www.loc.gov/MARC21/slim http://www.loc.gov/standards/marcxml/schema/MARC21slim.xsd"
    xmlns="http://www.loc.gov/MARC21/slim">

  <leader>01885nam a2200229 a 4500</leader>
  <controlfield tag="001">BRCA_8925</controlfield>
  <controlfield tag="005">20190320210447.0</controlfield>
  <controlfield tag="008">280617s1743----po-#######---#000-0#por-#</controlfield>
  <datafield tag="041" ind1=" " ind2=" ">
    <subfield code="a">por</subfield>
  </datafield>
  <datafield tag="044" ind1=" " ind2=" ">
    <subfield code="a">po</subfield>
  </datafield>
  <datafield tag="084" ind1=" " ind2=" ">
    <subfield code="a">LE10</subfield>
    <subfield code="b">.G68 1743</subfield>
  </datafield>
  <datafield tag="100" ind1="1" ind2=" ">
    <subfield code="a">Gouvea, Manoel de</subfield>
    <subfield code="9">22186</subfield>
  </datafield>
  <datafield tag="245" ind1="1" ind2="0">
    <subfield code="a">Feniz gloriosa entre aromas da devoc&#xB8;am renascida e em annuaes diarios eternizada</subfield>
    <subfield code="b">segunda parte em practicas, esermoens pol&#xED;ticos, Panegyricos, e Morales, da sacratissima Virgem Senhora Nossa, do Glorioso S. Joz&#xE9; nosso Senior, da insigne Matrona a senhora Santa Anna, e das dores da May de deos nador da sua soledade</subfield>
    <subfield code="c">por Fr. Manoel de Gouvea Augustiniano; offerecida A&#xB4;Feniz Melhor Da Graca, sempre &#xFA;nica, e inmortal Feniz a May de Deos na sua sacratissima, e gloriosissima assumpc, am.</subfield>
  </datafield>
  <datafield tag="260" ind1=" " ind2=" ">
    <subfield code="a">Lisboa</subfield>
    <subfield code="b">Na offiicina de Joam Bautista Lerzo</subfield>
    <subfield code="c">1743</subfield>
  </datafield>
  <datafield tag="300" ind1=" " ind2=" ">
    <subfield code="a">[22], 383 p.</subfield>
    <subfield code="b">19.4 x 15.5 cm</subfield>
  </datafield>
  <datafield tag="500" ind1=" " ind2=" ">
    <subfield code="a">Com todas as licenzas necessarias</subfield>
  </datafield>
  <datafield tag="500" ind1=" " ind2=" ">
    <subfield code="a">Estado f&#xED;sico: presenta encuadernaci&#xF3;n en pergamino con cintas rotas y lomo semi desprendido</subfield>
  </datafield>
  <datafield tag="500" ind1=" " ind2=" ">
    <subfield code="a">Con marca de fuego: &#x201C;Procedencia de la marca: Colegio de la Santa Cruz de Quer&#xE9;taro(1)(2). Instituci&#xF3;n: Congregaci&#xF3;n de Propaganda Fide Descripci&#xF3;n: Monograma &#xB4;SATO&#xB4; que se desata como San Antonio. Le  sigue la abreviatura: &#xB4;Q&#xB4; de Quer&#xE9;taro. Corona el monograma y la inicial la palabra &#xB4;posto&#xB4; que podr&#xED;a hacer referencia a &#xB4;Apost&#xF3;lico&#xB4;. Observaciones: Esta marca no se localiza en los cat&#xE1;logos impresos anteriores. La primera imagen de la marca de fuego corresponde al libro modelo ya que est&#xE1; m&#xE1;s clara y definida. Sin embargo, el testimonio de pertenencia y la segunda imagen de la marca de fuego, pertenece al segundo ejemplar. Ubicaci&#xF3;n de la marca en el libro: Canto superior y frontal.&#x201D;</subfield>
  </datafield>
  <datafield tag="650" ind1="1" ind2="4">
    <subfield code="a">Sermones portugueses</subfield>
    <subfield code="y">Siglo XVIII</subfield>
    <subfield code="9">22187</subfield>
  </datafield>
  <datafield tag="902" ind1=" " ind2=" ">
    <subfield code="a">CFM</subfield>
  </datafield>
  <datafield tag="942" ind1=" " ind2=" ">
    <subfield code="2">lcc</subfield>
    <subfield code="c">B</subfield>
  </datafield>
  <datafield tag="999" ind1=" " ind2=" ">
    <subfield code="c">8576</subfield>
    <subfield code="d">8576</subfield>
  </datafield>
  <datafield tag="952" ind1=" " ind2=" ">
    <subfield code="0">0</subfield>
    <subfield code="1">0</subfield>
    <subfield code="4">0</subfield>
    <subfield code="7">0</subfield>
    <subfield code="a">BRCA</subfield>
    <subfield code="b">BRCA</subfield>
    <subfield code="d">2017-06-28</subfield>
    <subfield code="l">0</subfield>
    <subfield code="o">LE10 .G68 1743</subfield>
    <subfield code="p">CFM00247</subfield>
    <subfield code="r">2019-03-22 00:00:00</subfield>
    <subfield code="w">2019-03-22</subfield>
    <subfield code="y">B</subfield>
  </datafield>
</record>
